Privilege, Power, and Difference (Record no. 17517)

MARC details
000 -LEADER
fixed length control field 00616nam a2200241 a 4500
020 ## - INTERNATIONAL STANDARD BOOK NUMBER
ISBN 9780072874891
082 00 - DEWEY DECIMAL CLASSIFICATION NUMBER
Classification number 303.69
Author Cutter JOH
100 ## - MAIN ENTRY--AUTHOR NAME
Author name Johnson, G Allan
245 ## - TITLE STATEMENT
Title Privilege, Power, and Difference
260 ## - PUBLICATION, DISTRIBUTION, ETC. (IMPRINT)
Place of publication New York
Name of publisher Mcgraw-Hill Book Co
Year of publication 2006
300 ## - PHYSICAL DESCRIPTION
Number of Pages 184p
500 ## - GENERAL NOTE
General note includes index and biblioraphy
505 2# - FORMATTED CONTENTS NOTE
Formatted contents note Notes and Index
650 ## - SUBJECT ADDED ENTRY--TOPICAL TERM
Topical Term Conflict Resolution
942 ## - ADDED ENTRY ELEMENTS (KOHA)
Koha item type Books
700 1# -
-- Johnson, G Allan
Holdings
Collection code Home library Current library Date acquired Cost, normal purchase price Full call number Accession Number Koha item type
  Henry Martyn Institute Library Henry Martyn Institute Library 09/21/2010 1200.00 303.69 JOH 11002214 Books
                   Copyright © 2026 | Henry Martyn Institute | Hyderabad | TS-500052 | INDIA | Implemented by hmi.edu.in
Hit-Count:

Powered by Koha